02075 am a2200445 450000500170000000800410001702200130005804000250007104100080009604400070010408200170011110000170012824501330014526000840027830000480036250000200041050505700043065000330100065000290103365000500106265000560111270000230116870000350119170000240122670000310125070000260128170000160130770000250132370000170134870000200136570000320138570000380141770000290145570000200148470000370150470000210154170000270156277300150158970000250160420180725115913.0150901b2014 ck |||||r|||| 00| 0 spa d a2323072X aCO-BoIAVHcCO-BoIAVH0 aspa ack04a372.35bL92i1 aLucio, Jorge1 aIndicadores de ciencia y tecnología, Colombia 2013 / cJorge Lucio, Diana Lucio-Arias, Sandra Carolina Rivera Torres.. [et al] aBogotá (Colombia):bObservatorio Colombiano de Ciencia y Tecnología,c2014. a240 p.bgráficas, tablas y mapas.c24 cm. aIncluye anexos. aCap. 1 Inversión en actividades de ciencia, tecnología e innovación. Cap. 2 Formación científica y tecnológica. Cap. 3 Capacidades nacionales de ciencia y tecnología. Cap. 4 Recursos humanos con potencial de participar en actividades de I+D en las universidades. Cap. 5 Producción bibliográfica. Cap. 6 Títulos de propiedad industrial. Cap. 7 Innovación de la industria manufacturera. Cap. 8 Tecnologías de la información y las comunicaciones - TIC. Cap. 9 Departamento administrativo de Ciencia, Tecnología e Innovación - Colciencias. 4aColocienciasvEstadísticas 4aColcienciasvIndicadores 4aCiencia y tecnologíavIndicadoreszColombia 4aInvestigación científicavIndicadoreszColombia1 aLucio-Arias, Diana1 aRivera Torres, Sandra Carolina1 aTique Ortiz, Jineth1 aVilarreal, Nestor Fabián1 aLozano-Borda, Marcela1 aMora, Henry1 aPerea, Gloria Inés1 aBueno, Edgar1 aGuevara, Andrea1 aSalinas Pico, Jenny Marcela1 aCáredenas-Osorio, Jenny Fabiola1 aGalvis-Restrepo, Marcela1 aAguilar, Ximena1 aTorralba Barreto, Daniel Ricardo1 aBarón, Viviana1 aCruz, Diana Angélica x2323-072XX1 aDaza-Caicedo, Sandra